Countries of Oceania by Coastline - Statistics

General Stats
  • This quiz has been taken 39 times
  • The average score is 9 of 14
Answer Stats
Coastline Country % Correct
34,000 km Australia
100%
15,000 km New Zealand
97%
6,112 km Papua New Guinea
85%
5,313 km Solomon Islands
82%
5,117 km Federated States of Micronesia
67%
1,130 km Fiji
64%
2,528 km Vanuatu
64%
1,143 km Kiribati
52%
1,519 km Palau
52%
419 km Tonga
52%
30 km Nauru
48%
403 km Samoa
48%
370 km Marshall Islands
45%
24 km Tuvalu
45%
No matching quizzes found
Score Distribution
Percent of People with Each Score
Percentile by Number Answered
Your Score History
You have not taken this quiz